000 00621nam a2200193Ia 4500
001 59677
008 160407n ii |||gr||||Z||||||465
020 _a9781470425937
082 _a516
100 _aRobledo,Alvaro Lozano .
245 0 _aElliptic Curves , Modular Forms and their L - Functions
_cAlvaro Lozano Robledo
_hTextual Documents
250 _aFirst indian Edition--2016.
260 _aNew York
_bAmerican Mathematical Society
300 _a195pg:
_bSeries;
_c23cm.
653 _aMathematics
653 _aElliptic Curves , Modular Forms and their L - Functions
653 _aG-Mathematics
942 _2ddc
_cBK
999 _c59553
_d59553